000 00322nam a22001337a 4500
008 180109b xxu||||| |||| 00| 0 eng d
020 _a9781582553474
041 _aeng
080 _a610.73
100 _a1
101 _aINF
245 _aPEDIATRIC NURSING MADE INCREDIBLY EASY!
_cSCHILLING,J.A
942 _2udc
_cBK
999 _c39818
_d39818